| 000 | 00402nam a2200157Ia 4500 | ||
|---|---|---|---|
| 005 | 20250519152349.0 | ||
| 008 | 231217s9999 xx 000 0 und d | ||
| 020 | _a9781902796000 | ||
| 082 | _a353.46 KRI;1 R | ||
| 100 | _aKrishna Rao C V ed. | ||
| 245 | 0 | _aWhistleblowers : an introduction | |
| 260 |
_c2006 _bICFAI _aHyderabad |
||
| 300 | _aix+173+A4 | ||
| 650 | _aWhistleblowers | ||
| 942 | _cAA | ||
| 999 |
_c191871 _d191871 |
||